Chef-lieu par numéros de département français - Statistiques

Statistiques générales
  • Ce quiz a été pris 88 fois
  • Le résultat moyen est 78 sur 101
Statistiques - réponses
Numéro Chef-lieu % Correct
75 Paris
93%
35 Rennes
93%
85 La Roche-sur-Yon
90%
69 Lyon
90%
29 Quimper
90%
76 Rouen
90%
974 Saint-Denis
90%
81 Albi
88%
01 Bourg-en-Bresse
88%
38 Grenoble
88%
17 La Rochelle
88%
34 Montpellier
88%
44 Nantes
88%
06 Nice
88%
67 Strasbourg
88%
31 Toulouse
88%
2A Ajaccio
85%
2B Bastia
85%
14 Caen
85%
73 Chambéry
85%
21 Dijon
85%
13 Marseille
85%
57 Metz
85%
33 Bordeaux
83%
11 Carcassonne
83%
59 Lille
83%
87 Limoges
83%
54 Nancy
83%
30 Nîmes
83%
66 Perpignan
83%
42 Saint-Etienne
83%
83 Toulon
83%
10 Troyes
83%
80 Amiens
80%
49 Angers
80%
74 Annecy
80%
84 Avignon
80%
90 Belfort
80%
25 Besançon
80%
91 Évry
80%
972 Fort-de-France
80%
72 Le Mans
80%
71 Mâcon
80%
40 Mont-de-Marsan
80%
64 Pau
80%
16 Angoulême
78%
41 Blois
78%
973 Cayenne
78%
63 Clermont-Ferrand
78%
04 Digne-les-Bains
78%
45 Orléans
78%
07 Privas
78%
12 Rodez
78%
56 Vannes
78%
78 Versailles
78%
62 Arras
76%
79 Niort
76%
24 Périgueux
76%
22 Saint-Brieuc
76%
37 Tours
76%
47 Agen
73%
32 Auch
73%
15 Aurillac
73%
89 Auxerre
73%
08 Charleville-Mézières
73%
68 Colmar
73%
94 Créteil
73%
27 Evreux
73%
02 Laon
73%
53 Laval
73%
03 Moulins
73%
86 Poitiers
73%
26 Valence
73%
61 Alençon
71%
60 Beauvais
71%
18 Bourges
71%
28 Chartres
71%
50 Saint-Lô
71%
65 Tarbes
71%
971 Basse-Terre
68%
51 Châlons-en-Champagne
68%
36 Châteauroux
68%
88 Épinal
68%
09 Foix
68%
05 Gap
68%
23 Guéret
68%
43 Le Puy
68%
92 Nanterre
68%
58 Nevers
68%
55 Bar-le-Duc
66%
93 Bobigny
66%
52 Chaumont
66%
39 Lons-le-Saunier
66%
77 Melun
66%
19 Tulle
66%
70 Vesoul
66%
976 Mamoudzou
63%
48 Mende
63%
82 Montauban
61%
46 Cahors
59%
95 Pontoise
46%
Aucun quiz correspondant
Distribution des résultats
% des personnes avec chaque résultat
Percentile par nombre de réponses
Votre historique - résultats
Vous n’avez pas pris ce quiz